Countries with the highest GDP - Statistics

General Stats
  • This quiz has been taken 30 times
  • The average score is 25 of 30
Answer Stats
Rank Answer GDP % Correct
2 China $17.795 Trillion
100%
8 Italy $2.301 Trillion
100%
4 Japan $4.204 Trillion
100%
12 Mexico $1.789 Trillion
100%
6 United Kingdom $3.381 Trillion
100%
1 United States of America $27.721 Trillion
100%
10 Canada $2.142 Trillion
95%
7 France $3.052 Trillion
95%
3 Germany $4.526 Trillion
95%
5 India $3.568 Trillion
95%
14 South Korea $1.713 Trillion
95%
15 Spain $1.62 Trillion
95%
9 Brazil $2.174 Trillion
90%
16 Indonesia $1.371 Trillion
90%
21 Poland $809.201 Billion
90%
11 Russia $2.021 Trillion
90%
20 Switzerland $884.94 Billion
90%
22 Argentina $646.075 Billion
80%
13 Australia $1.728 Trillion
80%
18 Turkey $1.118 Trillion
80%
17 Netherlands $1.154 Trillion
75%
19 Saudi Arabia $1.068 Trillion
75%
29 Austria $511.685 Billion
70%
23 Belgium $644.783 Billion
70%
27 United Arab Emirates $514.13 Billion
65%
25 Ireland $551.395 Billion
60%
28 Israel $513.611 Billion
60%
24 Sweden $584.96 Billion
60%
26 Thailand $514.969 Billion
55%
30 Singapore $501.428 Billion
45%
No matching quizzes found
Score Distribution
Percent of People with Each Score
Percentile by Number Answered
Your Score History
You have not taken this quiz